00380nam a22001337a 4500003000500000020001900005038001200024082001900036100001800055245008300073260007400156300000900230563000700239NUST a978-7308197441 akhadija a347.5109 bWAN a Wang, Guiguo aDispute resolution mechanism for the belt and road initiative /c Wang, Guiguo aGateway East, Singaporeb Zhejiang University Press : Springerc 2020 a240p aHB